LEADER 00985nam0 2200313 450 001 000006844 005 20090122140309.0 010 $a88-14-10809-9$bv. 1 010 $a88-14-10812-9$bv. 2 100 $a20060327d2004----km-y0itay50------ba 101 0 $aita 102 $aIT 105 $ay-------001yy 200 1 $aCodice delle leggi sulla navigazione$eaggiornato al 31 dicembre 2003$fGabriele Pescatore, Leopoldo Tullio 205 $a6. ed. 210 $aMilano$cGiuffrè$d2004 215 $a2 v.$d24 cm 327 1 $a1.: Navigazione marittima e interna$a2.: Navigazione aerea 451 0$1001000021966 676 $a343.4509602632$v20 702 1$aPescatore,$bGabriele 702 1$aTullio,$bLeopoldo 710 02$aItalia$0423419 801 0$aIT$bUNIPARTHENOPE$c20060327$gRICA$2UNIMARC 912 $a000006844 951 $a3GN-0001(1)$b438(1)$cNAVA3 951 $a3GN 0001(2)$b439(2)$cNAVA3 996 $aCodice delle leggi sulla navigazione$9667229 997 $aUNIPARTHENOPE